Two Questions One Answer - Statistics

General Stats
  • This quiz has been taken 66 times
  • The average score is 12 of 25
Answer Stats
Hint Answer Hint % Correct
A mobile phone brand Apple A fruit
91%
A Zodiac sign Cancer A serious disease
77%
A board game Monopoly Exclusive control
73%
Serena's sister Venus A celestial body
73%
A long river Amazon A large company
68%
60 seconds Minute Something small
66%
Flying mammal Bat Sports equipment
63%
Syndrome of hostage victims Stockholm A European capital
61%
An English queen Victoria An African capital
61%
A U.S. state Georgia An Asian country
59%
Mentally unstable person Psycho Hitchcock film
59%
European Country Monaco European Capital
55%
Dry, barren area Desert To abandon
54%
Soldier in Star Wars movies Stormtrooper Member of the Nazi political militia
46%
A nut Brazil A country
43%
Actor Henry... Fonda His actor daughter Jane...
43%
Iconic basketball star Jordan A West Asian country
41%
University in Washington D.C. Georgetown A capital in S. America
30%
A large city in N. California {San} {Jose} A capital in Central America
30%
Restaurant take out Togo A country in West Africa
29%
A country in Africa Djibouti An African capital
25%
Tableware China A country
18%
A complete sentence Iran A country in the Middle East
18%
A country in Africa Congo A country in Africa
16%
Synonym for Trash Refuse Synonym for Decline
9%
No matching quizzes found
Score Distribution
Percent of People with Each Score
Percentile by Number Answered
Your Score History
You have not taken this quiz